Name the LDS temple in the USA - Statistics

General Stats
  • This quiz has been taken 63 times
  • The average score is 4 of 20
Answer Stats
Picture Answer % Correct
Boise Idaho Temple
100%
Nauvoo Illinois Temple
100%
Rexburg Idaho Temple
100%
Salt Lake Temple
100%
Washington D.C. Temple
100%
Manti Utah Temple
83%
San Diego California Temple
75%
Seattle Washington Temple
75%
Logan Utah Temple
67%
Provo City Center Temple
67%
Atlanta Georgia Temple
50%
Boston Massachusetts Temple
50%
Laie Hawaii Temple
50%
Las Vegas Nevada Temple
50%
Mesa Arizona Temple
50%
Oakland California Temple
50%
Orem Utah Temple
50%
Portland Oregon Temple
50%
Saratoga Springs Utah Temple
50%
The Gila Valley Arizona Temple
50%
Layton Utah Temple
43%
Oklahoma City Oklahoma Temple
40%
Baton Rouge Louisiana Temple
33%
Denver Colorado Temple
33%
Fort Collins Colorado Temple
33%
Hartford Connecticut Temple
33%
Monticello Utah Temple
33%
Newport Beach California Temple
33%
Payson Utah Temple
33%
Provo Utah Temple
33%
Sacramento California Temple
33%
Tucson Arizona Temple
33%
Twin Falls Idaho Temple
33%
Bismarck North Dakota Temple
25%
Indianapolis Indiana Temple
25%
Meridian Idaho Temple
25%
Nashville Tennessee Temple
25%
Redlands California Temple
25%
Richmond Virginia Temple
25%
Snowflake Arizona Temple
25%
San Antonio Texas Temple
20%
Kona Hawaii Temple
17%
Albuquerque New Mexico Temple
0%
Anchorage Alaska Temple
0%
Austin Texas Temple
0%
Bakersfield California Temple
0%
Bentonville Arkansas Temple
0%
Billings Montana Temple
0%
Birmingham Alabama Temple
0%
Bountiful Utah Temple
0%
Brigham City Utah Temple
0%
Casper Wyoming Temple
0%
Cedar City Utah Temple
0%
Chicago Illinois Temple
0%
Cleveland Ohio Temple
0%
Cody Wyoming Temple
0%
Columbia River Washington Temple
0%
Columbia South Carolina Temple
0%
Columbus Ohio Temple
0%
Dallas Texas Temple
0%
Deseret Peak Utah Temple
0%
Detroit Michigan Temple
0%
Draper Utah Temple
0%
Elko Nevada Temple
0%
Ephraim Utah Temple
0%
Farmington New Mexico Temple
0%
Feather River California Temple
0%
Fort Lauderdale Florida Temple
0%
Fort Worth Texas Temple
0%
Fresno California Temple
0%
Gilbert Arizona Temple
0%
Grand Junction Colorado Temple
0%
Grand Rapids Michigan Temple
0%
Heber Valley Utah Temple
0%
Helena Montana Temple
0%
Houston Texas Temple
0%
Idaho Falls Idaho Temple
0%
Jordan River Utah Temple
0%
Kansas City Missouri Temple
0%
Knoxville Tennessee Temple
0%
Lindon Utah Temple
0%
Los Angeles California Temple
0%
Louisville Kentucky Temple
0%
Lubbock Texas Temple
0%
Manhattan New York Temple
0%
McAllen Texas Temple
0%
Medford Oregon Temple
0%
Memphis Tennessee Temple
0%
Modesto California Temple
0%
Montpelier Idaho Temple
0%
Moses Lake Washington Temple
0%
Mount Timpanogos Utah Temple
0%
Ogden Utah Temple
0%
Oquirrh Mountain Utah Temple
0%
Orlando Florida Temple
0%
Palmyra New York Temple
0%
Philadelphia Pennsylvania Temple
0%
Phoenix Arizona Temple
0%
Pittsburgh Pennsylvania Temple
0%
Pocatello Idaho Temple
0%
Raleigh North Carolina Temple
0%
Red Cliffs Utah Temple
0%
Reno Nevada Temple
0%
Smithfield Utah Temple
0%
Spokane Washington Temple
0%
Star Valley Wyoming Temple
0%
St. George Utah Temple
0%
St. Louis Missouri Temple
0%
St. Paul Minnesota Temple
0%
Syracuse Utah Temple
0%
Tallahassee Florida Temple
0%
Tampa Florida Temple
0%
Taylorsville Utah Temple
0%
Vernal Utah Temple
0%
Willamette Valley Oregon Temple
0%
Winter Quarters Nebraska Temple
0%
Yorba Linda California Temple
0%
No matching quizzes found
Score Distribution
Percent of People with Each Score
Percentile by Number Answered
Your Score History
You have not taken this quiz